| 000 | 01180cab a2200253 4500 | ||
|---|---|---|---|
| 001 | ##L134940 | ||
| 008 | 060912n2006 000 0 eng u | ||
| 035 | _a(Sirsi) u134940 | ||
| 041 | 0 | _aeng | |
| 100 | 1 | _aCollie, Peter | |
| 245 | 0 | 0 | _aOh! Why do things have to change? |
| 260 | _c2006 | ||
| 490 | 0 |
_aConstruction Manager _vSeptember 2006, 26(1) |
|
| 520 | _aProvides an overview of the main JCT forms in JCT 2005, highlighting key changes and how they are grouped into families of contracts. Covers the Minor Works Contract; Intermediate Contract; Standard Building Contract; Design and Build Contract; and the Major Project Construction Contract. | ||
| 590 | _aIKA190906 | ||
| 650 | 2 | 4 | _aJCT STANDARD BUILDING CONTRACT (2005 EDITION) |
| 650 | 2 | 4 | _aJCT DESIGN AND BUILD CONTRACT (2005 EDITION) |
| 650 | 2 | 4 | _aJCT MINOR WORKS BUILDING CONTRACT (2005 EDITION) |
| 650 | 2 | 4 | _aJCT INTERMEDIATE BUILDING CONTRACT (2005 EDITION) |
| 650 | 2 | 4 | _aJCT MAJOR PROJECT CONSTRUCTION CONTRACT (2005 EDITION) |
| 651 | 4 |
_aUnited Kingdom _y |
|
| 690 | _aBUILT ENVIRONMENT-BUILDING CONTRACT FORMS-STANDARD FORMS OF BUILDING CONTRACT-JOINT CONTRACTS TRIBUNAL CONTRACTS | ||
| 942 | _n0 | ||
| 999 |
_c77720 _d77720 |
||